| 000 | 01192nam0a2200325 i 4500 | ||
|---|---|---|---|
| 001 | RU\NLR\BIBL_A\010464342 | ||
| 005 | 20260405215506.0 | ||
| 010 |
_a9785970427156 _93000 |
||
| 021 |
_aRU _b2014-52707 _93183 |
||
| 035 | _a(NILC)RuMoRGB-007525790 | ||
| 035 | _a(NLR Aleph) 010464342 | ||
| 090 |
_a9993751 _c9993751 |
||
| 100 | _a20140922d2014 km y0rusy50 ca | ||
| 101 | 0 | _arus | |
| 102 | _aRU | ||
| 105 | _aa|||z|||000yy | ||
| 200 | 1 |
_aГоловная боль _eруководство для врачей _fГ. Р. Табеева |
|
| 210 |
_aМосква _cГЭОТАР-Медиа _d2014 |
||
| 215 |
_a286 с. _cил., табл., цв. ил. _d21 |
||
| 320 | _aБиблиогр.: с. 270-286 | ||
| 606 |
_aГоловная боль _jРуководства, пособия и т.п _91164278 _3RU\NLR\AUTH\66148547 |
||
| 610 | 0 | _aголовная боль | |
| 686 | 1 | _aР341.231я77 | |
| 700 | 1 |
_8rus _7ca _aТабеева _bГ. Р. _gГюзяль Рафкатовна _3RU\NLR\AUTH\7798005 _980931 |
|
| 801 | 0 |
_aRU _bРГБ _c20140725 _gRCR |
|
| 801 | 1 |
_aRU _bРГБ _c20140725 _2rusmarc |
|
| 942 | _cBOOK | ||
| 980 | _aNBR | ||